000 00285nam a22001337a 4500
008 170306b xxu||||| |||| 00| 0 alb d
020 _a9992700998
041 _aalb
080 _a611
100 _a6
101 _aSHM
245 _aANATOMIA PATOLOGJIKE
_cSUBASHI, SH
942 _2udc
_cBK
999 _c6866
_d6866